| 000 | 00761nab a2200241 4500 | ||
|---|---|---|---|
| 003 | BR-BrBNA | ||
| 005 | 20240815095706.0 | ||
| 008 | 240812b bl.||||| |||| 00| 0 por d | ||
| 040 |
_aBR-BrBNA _bpor |
||
| 072 | _aF30 | ||
| 245 | _aDesmistificando conceitos | ||
| 500 | _a2 illus. | ||
| 650 | _aTRANSGENIA | ||
| 650 | _aSOJA | ||
| 650 | _aVARIEDADE | ||
| 650 | _aRESISTÊNCIA A DEFENSIVO | ||
| 650 | _aSEMENTE | ||
| 650 | _aINDICAÇÃO DE PROCEDÊNCIA | ||
| 650 | _aMARANHÃO | ||
| 773 | 0 |
_04604 _9317181 _dPalmas - Tocantins Terranova Gráfica e Editora Jornalística Ltda 2005 _o2024-3805 _tCerrado Rural Agronegócios (Brazil) _x1980-2595 _gv. 3(10) p. 35; (Sep 2005) _wBR2024002418 |
|
| 942 | _cAnalítica | ||
| 999 |
_c300843 _d300843 |
||